| 000 | 01935nab a2200265 a 4500 | ||
|---|---|---|---|
| 005 | 20250930152403.0 | ||
| 008 | 991125c2017 sp fr p o 000 0 spa d | ||
| 035 | _aUPN01000221177 | ||
| 040 |
_aUPN _bspa _cUPN _eaacr2 |
||
| 049 | _aART-E | ||
| 100 | 1 |
_aSerna Galindo, Ricardo _6- ricardoserna54@gmail.com |
|
| 245 | 1 | 3 |
_aLa lectura de novelas como instrumento para interpretar la historia. Los casos de Galdós y Coloma _h[recurso electrónico en línea] |
| 506 | 0 | _aAcceso abierto | |
| 520 | 3 | _aEl presente artículo acomete el proyecto de dejar constancia de la importancia cultural que tiene la lectura de obras literarias. Lo literario se vincula a nuestras vidas de manera indeleble y merece la pena reflexionar sobre ello. Se reivindica la figura del escritor como elemento clave del proceso creativo, y se contempla el género novelesco a manera de fuente valiosa para la interpretación de la historia. En este sentido se estima la obra de Benito Pérez Galdós, al que algunos historiadores avezados se aproximan para confeccionar o completar su visión de hechos históricos concretos o de épocas y ambientes determinados. En el caso de Galdós, apreciamos nexos entre la literatura y la historia española del siglo XIX. Algo similar —salvando las distancias— ocurre con la novela Pequeñeces (1890), del escritor Luis Coloma, que nos ofrece una visión certera del tejido aristocrático en la convulsa España del Sexenio revolucionario (1868-1874). | |
| 650 | 4 |
_912783 _aEscritura creativa |
|
| 650 | 2 |
_922800 _aFuentes de información |
|
| 653 | 0 | _aNovela | |
| 653 | 0 | _aPérez Galdos, Benito, 1843-1920 | |
| 653 | 0 | _aColoma Roldan, Luis, 1851-1915 | |
| 773 |
_gNo. 16 (2017), p. 1-21 _tÁlabe : revista de investigación sobre lectura y escritura _x1695-2294 |
||
| 856 | 4 | _uhttps://ojs.ual.es/ojs/index.php/alabe/article/view/7568 | |
| 902 | _aGloria Jiménez | ||
| 905 | _aArticulo | ||
| 942 | _cART-E | ||
| 999 |
_c193276 _d193276 |
||